| 000 | 00545nam a2200181Ia 4500 | ||
|---|---|---|---|
| 003 | OSt | ||
| 005 | 20200903124349.0 | ||
| 008 | 190216s9999||||xx |||||||||||||| ||und|| | ||
| 020 | _a9788173710896 | ||
| 040 | _coclc | ||
| 082 |
_a530.1 _bDAS/M |
||
| 100 |
_aDass, Tulsi _94408 |
||
| 245 | 0 |
_aMathematical Methods In Classical And Quantum Physics / _cTulsi Dass ; Satish K Sharma |
|
| 260 |
_bUniversity Press, _c1998. _aHyderbad: |
||
| 300 | _a703p | ||
| 650 | _aPhysics | ||
| 942 |
_cBK _2ddc _h530.1 _iDAS/M _k530.1 _mDAS/M |
||
| 999 |
_c33694 _d33694 |
||